000 01320nam a2200301Ia 4500
001 96285
003 IT-RoPAU
008 130308s9999 xx 000 0 und d
040 _aIT-RoPAU
040 _cIT-RoPAU
041 _aFRANCESE
100 _aHelbo Andrè
100 _gCodice Aut. SPICS: 5545
245 _aEnjeu du discours (L')-Lecture de Sartre
245 _bEnjeu Du Discours (L')-Lecture de Sartre
250 _a1a ed.
260 _aBRUXELLES
260 _bComplexe
260 _c1978 [1° Ed.:1978 - Ed.Ling.Originale:1978]
300 _a"296 p. (prefazione: no ; testo: 296 [pagine: 0-0])"
500 _aObiettivo e Campo d'inchiesta Semantica Pragmatica Senso Significato Enunciato Enunciazione dal Gioco Alla Comunicazione programma di Sartre Estetica Linguistica Tipologia dei Discorsi Locutore ed Enunciato Analisi Semica dell'Enunciato Assi Semantici referenza Presupposizione ritratto Come Situazione di Comunicazione Modello Retorico e Modello semantico Retorica dell'Enunciato Specificità del Romanzo Sartriano Bibliografia di Opere Semantiche e su Sartre indice delle principali Opere di Sartre indice selettivo dei Concetti Lettura di Sartre
650 _aLINGUISTICA
650 _eCodice materia Spics: 3201
942 _cBK
957 _71
999 _c65518
_d65518
999 _bSI
999 _g1